[Event "ESP-chT CECLUB Honor"]
[Site "Linares"]
[Date "2023.09.20"]
[Round "5.1"]
[White "Gonzalez de la Torre, Santiago"]
[Black "Garrido Outon, Alex"]
[Result "0-1"]
[WhiteElo "2422"]
[BlackElo "2408"]
[PlyCount "98"]
[EventDate "2023.09.16"]
[EventType "team-tourn"]
[EventRounds "7"]
[EventCountry "ESP"]
[SourceTitle "EXT 2024"]
[Source "ChessBase"]
[SourceDate "2023.10.10"]
[SourceVersion "1"]
[SourceVersionDate "2023.10.10"]
[SourceQuality "1"]
[WhiteTeam "Taldea Gros Xake"]
[BlackTeam "Extremadura Magic"]
[WhiteTeamCountry "ESP"]
[BlackTeamCountry "ESP"]

1. c4 Nf6 2. Nc3 g6 3. g3 Bg7 4. Bg2 d6 5. Nf3 0-0 6. 0-0 c6 7. Rb1 a5 8. d3 e5 9. a3 Re8 10. Bg5 Nbd7 11. b4 axb4 12. axb4 h6 13. Bxf6 Nxf6 14. b5 d5 15. Nd2 Bg4 16. h3 Be6 17. Kh2 h5 18. Qc2 h4 19. g4 Qc7 20. b6 Qd8 21. cxd5 Nxd5 22. Nxd5 cxd5 23. Qc7 Ra2 24. Qxd8 Rxd8 25. Rfd1 Bh6 26. e3 Rc8 27. Ra1 Rb2 28. Rab1 Rcc2 29. Rxb2 Rxb2 30. Kg1 f6 31. Nb1 Rb3 32. Kf1 Bf8 33. Rc1 Bb4 34. Ke2 Ba5 35. Bf3 Rb2+ 36. Kf1 Rxb6 37. Nc3 Rc6 38. Na2 Kf7 39. Rb1 b6 40. Bd1 Ke7 41. Nc1 Rc3 42. Ke2 e4 43. Bb3 f5 44. dxe4 fxe4 45. Na2 Rd3 46. Rb2 Bc8 47. f3 Ba6 48. Kf2 d4 49. Bd5 dxe3+ 0-1

[Event "ESP-chT CECLUB Div1"]
[Site "Sanxenxo"]
[Date "2022.09.22"]
[Round "6.1"]
[White "Gonzalez de la Torre, Santiago"]
[Black "Rodriguez Ferreiros, Andres"]
[Result "1-0"]
[WhiteElo "2439"]
[BlackElo "2110"]
[PlyCount "49"]
[EventDate "2022.09.17"]
[EventType "team-tourn"]
[EventRounds "7"]
[EventCountry "ESP"]
[SourceTitle "CBM 210 Extra"]
[Source "ChessBase"]
[SourceDate "2022.11.30"]
[SourceVersion "1"]
[SourceVersionDate "2022.11.30"]
[SourceQuality "1"]
[WhiteTeam "Taldea Gros Xake"]
[BlackTeam "Sanxenxo Fontecarmoa"]
[WhiteTeamCountry "ESP"]
[BlackTeamCountry "ESP"]

1. e4 e6 2. Qe2 c5 3. Nf3 Nc6 4. g3 Nge7 5. Bg2 g6 6. h4 h6 7. e5 d6 8. exd6 Qxd6 9. Nc3 Nd5 10. 0-0 Bg7 11. Ne4 Qe7 12. Qc4 b6 13. d4 Nxd4 14. Nxd4 Bxd4 15. Rd1 Bd7 16. Rxd4 cxd4 17. Qxd4 0-0-0 18. c4 Nb4 19. c5 Nd5 20. Nd6+ Kb8 21. Bxd5 exd5 22. Bf4 Qe6 23. cxb6 g5 24. bxa7+ Ka8 25. Qb6 1-0

[Event "ESP-chT CECLUB Div1"]
[Site "Sanxenxo"]
[Date "2022.09.21"]
[Round "5.1"]
[White "Bernabeu Lopez, Carlos Javier"]
[Black "Gonzalez de la Torre, Santiago"]
[Result "1/2-1/2"]
[WhiteElo "2415"]
[BlackElo "2439"]
[PlyCount "36"]
[EventDate "2022.09.17"]
[EventType "team-tourn"]
[EventRounds "7"]
[EventCountry "ESP"]
[SourceTitle "CBM 210 Extra"]
[Source "ChessBase"]
[SourceDate "2022.11.30"]
[SourceVersion "1"]
[SourceVersionDate "2022.11.30"]
[SourceQuality "1"]
[WhiteTeam "Oromana CEN Solutions"]
[BlackTeam "Taldea Gros Xake"]
[WhiteTeamCountry "ESP"]
[BlackTeamCountry "ESP"]

1. e4 c5 2. Nf3 e6 3. d4 cxd4 4. Nxd4 a6 5. Bd3 Bc5 6. Nb3 Be7 7. Bf4 g6 8. Qe2 d6 9. Nc3 Nd7 10. Bd2 Qc7 11. 0-0-0 Ne5 12. f4 Nxd3+ 13. Qxd3 Nf6 14. Rhf1 0-0 15. f5 b5 16. Bh6 Re8 17. fxg6 hxg6 18. e5 dxe5 1/2-1/2

[Event "ESP-chT CECLUB Honor"]
[Site "Toledo"]
[Date "2021.10.16"]
[Round "6.1"]
[White "Gonzalez de la Torre, Santiago"]
[Black "Cuenca Jimenez, Jose Fernando"]
[Result "0-1"]
[WhiteElo "2422"]
[BlackElo "2550"]
[PlyCount "90"]
[EventDate "2021.10.11"]
[EventType "team-tourn"]
[EventRounds "7"]
[EventCountry "ESP"]
[SourceTitle "CBM 204 Extra"]
[Source "ChessBase"]
[SourceDate "2021.11.30"]
[SourceVersion "1"]
[SourceVersionDate "2021.11.30"]
[SourceQuality "1"]
[WhiteTeam "Taldea Gros Xake"]
[BlackTeam "Costa Calida"]
[WhiteTeamCountry "ESP"]
[BlackTeamCountry "ESP"]

1. e4 c5 2. Nf3 Nc6 3. Nc3 e5 4. Bc4 g6 5. d3 h6 6. Nd5 Bg7 7. h4 d6 8. h5 g5 9. Nh2 Be6 10. Nf1 Nge7 11. Nfe3 0-0 12. a4 Nb4 13. Nxe7+ Qxe7 14. c3 Nc6 15. Qf3 Qd7 16. Nd5 Kh7 17. Nf6+ Bxf6 18. Qxf6 Bxc4 19. dxc4 Na5 20. 0-0 Qe6 21. Qf3 Nxc4 22. a5 b6 23. b4 cxb4 24. cxb4 bxa5 25. bxa5 a6 26. Rd1 Rfc8 27. Rd5 Rc5 28. Rb1 Rxa5 29. Rb7 Rf8 30. Rc7 Rc5 31. Rcxc5 dxc5 32. Qc3 Nd6 33. Rxe5 Nb5 34. Qa1 Qg4 35. Be3 Qxh5 36. Rxc5 Rd8 37. f3 Qg6 38. Qc1 Qe6 39. Rc6 Rd1+ 40. Qxd1 Qxc6 41. Qd8 Kg7 42. e5 Nc7 43. f4 Nd5 44. f5 Nxe3 45. e6 Qxg2# 0-1

[Event "ESP-chT CECLUB Honor"]
[Site "Toledo"]
[Date "2021.10.15"]
[Round "5.1"]
[White "Alonso Rosell, Alvar"]
[Black "Gonzalez de la Torre, Santiago"]
[Result "1/2-1/2"]
[WhiteElo "2570"]
[BlackElo "2422"]
[PlyCount "130"]
[EventDate "2021.10.11"]
[EventType "team-tourn"]
[EventRounds "7"]
[EventCountry "ESP"]
[SourceTitle "CBM 204 Extra"]
[Source "ChessBase"]
[SourceDate "2021.11.30"]
[SourceVersion "1"]
[SourceVersionDate "2021.11.30"]
[SourceQuality "1"]
[WhiteTeam "Silla Bosch Serinsys"]
[BlackTeam "Taldea Gros Xake"]
[WhiteTeamCountry "ESP"]
[BlackTeamCountry "ESP"]

1. d4 d5 2. c4 c6 3. Nf3 Nf6 4. Nc3 e6 5. e3 Nbd7 6. Be2 Bd6 7. 0-0 0-0 8. b3 Re8 9. Bb2 dxc4 10. bxc4 e5 11. Qc2 exd4 12. exd4 Nf8 13. Rad1 Ng6 14. Ne5 Qa5 15. f4 c5 16. Nb5 Bf8 17. d5 a6 18. Nc3 Bd6 19. Ne4 Nxe4 20. Qxe4 Qc7 21. Bh5 Re7 22. Qc2 Nxf4 23. Rxf4 Bxe5 24. Bxe5 Qxe5 25. d6 Qe3+ 26. Rf2 Rd7 27. Bg4 Rxd6 28. Rxd6 Bxg4 29. Qd2 Qe7 30. Qd5 Rc8 31. h3 Be6 32. Qe5 h6 33. Rb6 Rd8 34. Rf3 Qh4 35. Kh2 Qd4 36. Qc7 Rd7 37. Qb8+ Rd8 38. Qc7 Rd7 39. Qb8+ Kh7 40. Rg3 h5 41. Rxe6 fxe6 42. Qe8 Rd8 43. Qxh5+ Kg8 44. Qg6 Qe5 45. h4 Rf8 46. h5 Qf6 47. h6 Rf7 48. Qxf6 Rxf6 49. Rxg7+ Kf8 50. Rxb7 Rxh6+ 51. Kg3 Rg6+ 52. Kf3 Rf6+ 53. Ke3 Rg6 54. Kf3 Rf6+ 55. Ke4 Rf2 56. g4 Rc2 57. Ke5 Rxc4 58. g5 Rc2 59. a4 c4 60. Kf6 Rf2+ 61. Kxe6 c3 62. Rc7 c2 63. Ke5 a5 64. Ke4 Rg2 65. Kd3 Rg4 1/2-1/2

[Event "ESP-chT CECLUB Honor"]
[Site "Toledo"]
[Date "2021.10.13"]
[Round "3.1"]
[White "Moreno Tejera, Emilio"]
[Black "Gonzalez de la Torre, Santiago"]
[Result "0-1"]
[WhiteElo "2442"]
[BlackElo "2422"]
[PlyCount "92"]
[EventDate "2021.10.11"]
[EventType "team-tourn"]
[EventRounds "7"]
[EventCountry "ESP"]
[SourceTitle "CBM 204 Extra"]
[Source "ChessBase"]
[SourceDate "2021.11.30"]
[SourceVersion "1"]
[SourceVersionDate "2021.11.30"]
[SourceQuality "1"]
[WhiteTeam "Extremadura Magic"]
[BlackTeam "Taldea Gros Xake"]
[WhiteTeamCountry "ESP"]
[BlackTeamCountry "ESP"]

1. e4 e5 2. Nf3 Nc6 3. Bb5 a6 4. Ba4 Nf6 5. 0-0 Be7 6. Re1 b5 7. Bb3 d6 8. c3 0-0 9. h3 Nb8 10. d3 h6 11. Nbd2 Re8 12. a4 Bb7 13. axb5 axb5 14. Rxa8 Bxa8 15. Ba2 Bf8 16. Nf1 Nbd7 17. Ne3 c6 18. Qb3 d5 19. exd5 Nc5 20. Qd1 cxd5 21. d4 e4 22. Ne5 Ne6 23. N3g4 Nh7 24. f3 f5 25. Nf2 Nf6 26. g4 fxg4 27. hxg4 exf3 28. Qxf3 Qa5 29. Bb1 Nxd4 30. Qd1 Nc6 31. Nd7 Rxe1+ 32. Qxe1 Ne4 33. Nxf8 Kxf8 34. Nxe4 dxe4 35. Bxe4 Nd8 36. b4 Qa2 37. Qf1+ Nf7 38. Bxa8 Qxa8 39. Qxb5 Kg8 40. Be3 Qf3 41. Qb8+ Kh7 42. Qf4 Qd1+ 43. Kg2 Ng5 44. Bf2 Qd5+ 45. Kf1 Qd3+ 46. Kg2 Qh3+ 0-1

[Event "ESP-chT CECLUB Honor"]
[Site "Toledo"]
[Date "2021.10.11"]
[Round "1.1"]
[White "Yuffa, Daniil"]
[Black "Gonzalez de la Torre, Santiago"]
[Result "1-0"]
[WhiteElo "2562"]
[BlackElo "2422"]
[PlyCount "65"]
[EventDate "2021.10.11"]
[EventType "team-tourn"]
[EventRounds "7"]
[EventCountry "ESP"]
[SourceTitle "CBM 204 Extra"]
[Source "ChessBase"]
[SourceDate "2021.11.30"]
[SourceVersion "1"]
[SourceVersionDate "2021.11.30"]
[SourceQuality "1"]
[WhiteTeam "Andreu Paterna"]
[BlackTeam "Taldea Gros Xake"]
[WhiteTeamCountry "ESP"]
[BlackTeamCountry "ESP"]

1. d4 d5 2. c4 c6 3. Nf3 Nf6 4. Qc2 dxc4 5. e4 b5 6. b3 cxb3 7. axb3 e6 8. Bd3 h6 9. 0-0 Be7 10. Bd2 a5 11. Nc3 0-0 12. e5 Nd5 13. Nxd5 cxd5 14. Qc1 Bd7 15. Bxh6 Nc6 16. Qf4 f5 17. Qg3 Rf7 18. Bxb5 Qe8 19. Bxc6 Bxc6 20. Bg5 Bb4 21. Rfc1 Bb5 22. Bd2 Rfa7 23. Bxb4 axb4 24. Rxa7 Rxa7 25. h4 Ra3 26. Rc7 Bd7 27. Ng5 Ra1+ 28. Kh2 Rd1 29. Qe3 Bc8 30. Qe2 Rxd4 31. Qh5 Bd7 32. Qh7+ Kf8 33. Ra7 1-0

[Event "ESP-chT CECLUB Honor"]
[Site "Linares"]
[Date "2020.09.23"]
[Round "1.3"]
[White "Bulmaga, Irina"]
[Black "Gonzalez de la Torre, Santiago"]
[Result "1-0"]
[WhiteElo "2434"]
[BlackElo "2421"]
[PlyCount "47"]
[EventDate "2020.09.23"]
[EventType "team-tourn"]
[EventRounds "7"]
[EventCountry "ESP"]
[SourceTitle "CBM 198 Extra"]
[Source "ChessBase"]
[SourceDate "2020.11.30"]
[SourceVersion "1"]
[SourceVersionDate "2020.11.30"]
[SourceQuality "1"]
[WhiteTeam "Jaime Casas"]
[BlackTeam "Taldea Gros Xake"]
[WhiteTeamCountry "ESP"]
[BlackTeamCountry "ESP"]

1. e4 c5 2. Nf3 Nc6 3. d4 cxd4 4. Nxd4 g6 5. c4 Bg7 6. Be3 Nf6 7. Nc3 0-0 8. Be2 b6 9. 0-0 Bb7 10. Nxc6 dxc6 11. e5 Ne8 12. f4 Nc7 13. c5 Ne6 14. Ne4 Qc7 15. Qb3 b5 16. a4 Rfd8 17. Bg4 Bc8 18. axb5 cxb5 19. Bf3 Rb8 20. c6 a5 21. Rfd1 a4 22. Qc2 Bb7 23. Nc5 Nxc5 24. cxb7 1-0

[Event "ESP-chT CECLUB Honor"]
[Site "Linares"]
[Date "2019.10.01"]
[Round "2.4"]
[White "Gonzalez de la Torre, Santiago"]
[Black "Moskalenko, Viktor"]
[Result "1/2-1/2"]
[WhiteElo "2423"]
[BlackElo "2475"]
[PlyCount "91"]
[EventDate "2019.09.30"]
[EventType "team-tourn"]
[EventRounds "7"]
[EventCountry "ESP"]
[SourceTitle "EXT 2020"]
[Source "ChessBase"]
[SourceDate "2019.10.17"]
[SourceVersion "1"]
[SourceVersionDate "2019.10.17"]
[SourceQuality "1"]
[WhiteTeam "Taldea Gros Xake"]
[BlackTeam "Barcelona Escola Escacs"]
[WhiteTeamCountry "ESP"]
[BlackTeamCountry "ESP"]

1. e4 e6 2. d4 d5 3. Nc3 Nf6 4. e5 Nfd7 5. f4 c5 6. Nf3 Nc6 7. Be3 h6 8. Qd2 g5 9. dxc5 gxf4 10. Bxf4 a6 11. 0-0-0 Nxc5 12. Qf2 b5 13. Be3 Nd7 14. Be2 Qa5 15. Rhf1 b4 16. Nb1 Qc7 17. Nbd2 Bb7 18. Nb3 Bg7 19. Nfd4 Ncxe5 20. Qg3 Rg8 21. Nxe6 fxe6 22. Bh5+ Kd8 23. Nd4 Nd3+ 24. Rxd3 Qxg3 25. hxg3 Bxd4 26. Bxd4 Kc7 27. g4 e5 28. Be3 Raf8 29. Rxf8 Rxf8 30. Bxh6 Rf1+ 31. Rd1 Rf2 32. Bd2 Rxg2 33. Rf1 a5 34. a3 Ba6 35. Re1 Be2 36. axb4 axb4 37. Bf7 Bf3 38. g5 d4 39. g6 b3 40. cxb3 Nc5 41. Bc4 e4 42. b4 Na4 43. b3 Nc3 44. Bxc3 dxc3 45. Re3 Rxg6 46. Bd5 1/2-1/2

[Event "Euskadi-chT (Vasca) Div Honor"]
[Site "Bergara"]
[Date "2018.01.27"]
[Round "3.2"]
[White "Cruz Lopez Claret, Carlos"]
[Black "Gonzalez de la Torre, Santiago"]
[Result "1/2-1/2"]
[WhiteElo "2254"]
[BlackElo "2447"]
[PlyCount "77"]
[EventDate "2018.01.13"]
[EventType "team-tourn"]
[EventRounds "9"]
[EventCountry "ESP"]
[SourceTitle "EXT 2020"]
[Source "ChessBase"]
[SourceDate "2019.10.17"]
[SourceVersion "1"]
[SourceVersionDate "2019.10.17"]
[SourceQuality "1"]
[WhiteTeam "Batalla"]
[BlackTeam "Gros"]
[WhiteTeamCountry "ESP"]
[BlackTeamCountry "ESP"]

1. d4 d5 2. c4 c6 3. Nc3 Nf6 4. e3 g6 5. Nf3 Bg7 6. Be2 0-0 7. 0-0 Qb6 8. b3 Rd8 9. Ba3 e6 10. Qc2 a5 11. Bd6 Qa7 12. c5 b6 13. Na4 Nfd7 14. cxb6 Nxb6 15. Bc5 N8d7 16. Nxb6 Nxb6 17. Ne5 Bxe5 18. dxe5 Ba6 19. Bxa6 Qxa6 20. Rac1 Nd7 21. Bd6 c5 22. e4 d4 23. Qd2 Rdc8 24. Qh6 Rc6 25. Be7 Qc8 26. f4 Qe8 27. Bd6 Kh8 28. f5 a4 29. f6 Qg8 30. b4 c4 31. Rfd1 Rac8 32. Rxd4 c3 33. Rd3 Rc4 34. Qe3 c2 35. Rd2 Qd8 36. Qh6 Qg8 37. Qe3 Qd8 38. Qh6 Qg8 39. Qe3 1/2-1/2

[Event "Elgoibar 27th"]
[Site "Elgoibar"]
[Date "2017.12.17"]
[Round "2"]
[White "Gonzalez de la Torre, Santiago"]
[Black "Oratovsky, Michael"]
[Result "1/2-1/2"]
[WhiteElo "2448"]
[BlackElo "2452"]
[PlyCount "44"]
[EventDate "2017.12.16"]
[EventType "tourn"]
[EventRounds "9"]
[EventCountry "ESP"]
[EventCategory "8"]
[SourceTitle "CBM 182 Extra"]
[Source "ChessBase"]
[SourceDate "2018.02.23"]
[SourceVersion "1"]
[SourceVersionDate "2018.02.23"]
[SourceQuality "1"]

1. e4 d6 2. d4 Nf6 3. Nc3 e5 4. Nf3 Nbd7 5. Bc4 Be7 6. 0-0 0-0 7. Re1 c6 8. a4 a5 9. h3 Nb6 10. Ba2 Nfd7 11. Be3 exd4 12. Bxd4 Nc5 13. Bxc5 dxc5 14. Qe2 Qd6 15. Qe3 Qc7 16. Ne2 Nxa4 17. Nf4 c4 18. Nh5 Qd6 19. Bxc4 Nxb2 20. Be2 a4 21. Qc3 Qh6 22. Nd4 a3 1/2-1/2

[Event "ESP-chT CECLUB Honor"]
[Site "Linares"]
[Date "2017.08.20"]
[Round "7.4"]
[White "Gonzalez de la Torre, Santiago"]
[Black "Forcen Esteban, Daniel"]
[Result "1-0"]
[WhiteElo "2444"]
[BlackElo "2535"]
[PlyCount "41"]
[EventDate "2017.08.14"]
[EventType "team-tourn"]
[EventRounds "7"]
[EventCountry "ESP"]
[SourceTitle "CBM 180 Extra"]
[Source "ChessBase"]
[SourceDate "2017.10.06"]
[SourceVersion "1"]
[SourceVersionDate "2017.10.06"]
[SourceQuality "1"]
[WhiteTeam "Taldea Gros Xake"]
[BlackTeam "Monzon Jaime Casas"]
[WhiteTeamCountry "ESP"]
[BlackTeamCountry "ESP"]

1. e4 e6 2. d4 d5 3. Nd2 c5 4. exd5 Qxd5 5. Ngf3 cxd4 6. Bc4 Qd8 7. 0-0 Nc6 8. Nb3 a6 9. Nbxd4 Nxd4 10. Nxd4 Qc7 11. Bb3 Bd6 12. Re1 Bxh2+ 13. Kh1 Nf6 14. Nf5 0-0 15. Nxg7 Rd8 16. Qf3 Kxg7 17. Bh6+ Kg6 18. c4 Nh5 19. Re4 Kxh6 20. Rh4 Be5 21. Qg4 1-0

[Event "Euskadi-chT (Vasca) Div Honor"]
[Site "Bergara"]
[Date "2017.01.21"]
[Round "2.2"]
[White "Gonzalez de la Torre, Santiago"]
[Black "Del Rio de Angelis, Salvador Gabriel"]
[Result "0-1"]
[WhiteElo "2444"]
[BlackElo "2527"]
[PlyCount "88"]
[EventDate "2017.01.14"]
[EventType "team-tourn"]
[EventRounds "9"]
[EventCountry "ESP"]
[SourceTitle "EXT 2024"]
[Source "ChessBase"]
[SourceDate "2023.10.10"]
[SourceVersion "1"]
[SourceVersionDate "2023.10.10"]
[SourceQuality "1"]

1. e4 e6 2. d4 d5 3. Nc3 Bb4 4. e5 c5 5. a3 Bxc3+ 6. bxc3 Ne7 7. a4 Qa5 8. Bd2 Nbc6 9. Nf3 Bd7 10. dxc5 Ng6 11. Bb5 Qc7 12. Bxc6 Bxc6 13. Qe2 b6 14. Nd4 bxc5 15. Nb5 Bxb5 16. Qxb5+ Qd7 17. f4 a6 18. Qxc5 Ne7 19. Qf2 0-0 20. c4 Rfc8 21. cxd5 Qxd5 22. c3 Rab8 23. 0-0 Rb2 24. Rfd1 h5 25. Rab1 Ra2 26. Be1 Rxf2 27. Rxd5 Rxg2+ 28. Kxg2 Nxd5 29. a5 Nxf4+ 30. Kf3 Nd3 31. Bg3 Rxc3 32. Rb6 Ra3 33. Ke2 g5 34. Rd6 h4 35. Rxd3 Rxd3 36. Kxd3 hxg3 37. hxg3 Kg7 38. g4 f5 39. exf6+ Kxf6 40. Ke4 Kf7 41. Kd4 Ke8 42. Ke5 Kd7 43. Kd4 Kd6 44. Ke4 e5 0-1

[Event "San Sebastian Gros op 26th"]
[Site "San Sebastian"]
[Date "2016.06.27"]
[Round "5"]
[White "Del Rey, Diego"]
[Black "Gonzalez de la Torre, Santiago"]
[Result "0-1"]
[WhiteElo "2388"]
[BlackElo "2440"]
[PlyCount "110"]
[EventDate "2016.06.24"]
[EventType "swiss"]
[EventRounds "9"]
[EventCountry "ESP"]
[SourceTitle "EXT 2017"]
[Source "ChessBase"]
[SourceDate "2016.10.25"]
[SourceVersion "1"]
[SourceVersionDate "2016.10.25"]
[SourceQuality "1"]

1. Nf3 d5 2. g3 g6 3. Bg2 Bg7 4. 0-0 e5 5. d3 Ne7 6. c4 d4 7. e3 0-0 8. exd4 exd4 9. b4 Re8 10. Nbd2 a5 11. b5 h6 12. Nb3 Nf5 13. a4 b6 14. g4 Nd6 15. Nfxd4 Bb7 16. Ra2 Bxg2 17. Kxg2 Nd7 18. Nc6 Qh4 19. h3 f5 20. Bf4 Qf6 21. Bxd6 cxd6 22. Qf3 Qc3 23. Nbd4 fxg4 24. hxg4 Kh7 25. Rc2 Qa3 26. g5 Ne5 27. Qg3 Qxd3 28. gxh6 Bxh6 29. Nxe5 Qxg3+ 30. fxg3 dxe5 31. Nc6 Bf8 32. Rd2 e4 33. Rd7+ Kh8 34. Rh1+ Kg8 35. Kf1 e3 36. Ke2 Re4 37. Rh4 Rxh4 38. gxh4 Re8 39. Rd3 Re4 40. Rd4 Re6 41. Rd8 Kg7 42. Nd4 Re5 43. Nb3 Be7 44. Rb8 Re6 45. Rb7 Kh6 46. Nd4 Re4 47. Kd3 Re5 48. Ke2 Re4 49. Kd3 Re5 50. Ke2 Bc5 51. Nf3 Re8 52. Rc7 Kh5 53. Rc6 Re4 54. Kd3 Rf4 55. Ne5 e2 0-1

[Event "Euskadi-ch"]
[Site "Zornotza"]
[Date "2016.04.03"]
[Round "7"]
[White "Gonzalez de la Torre, Santiago"]
[Black "Huerga Leache, Mikel"]
[Result "1/2-1/2"]
[WhiteElo "2428"]
[BlackElo "2450"]
[PlyCount "23"]
[EventDate "2016.03.28"]
[EventType "swiss"]
[EventRounds "7"]
[EventCountry "ESP"]
[SourceTitle "EXT 2018"]
[Source "ChessBase"]
[SourceDate "2017.10.13"]
[SourceVersion "1"]
[SourceVersionDate "2017.10.13"]
[SourceQuality "1"]

1. d4 Nf6 2. c4 c5 3. Nf3 cxd4 4. Nxd4 e5 5. Nc2 d5 6. cxd5 Qxd5 7. Qxd5 Nxd5 8. e4 Nb4 9. Nxb4 Bxb4+ 10. Bd2 Bxd2+ 11. Nxd2 Be6 12. Bc4 1/2-1/2